| 000 | 00963nam a22002415a 4500 | ||
|---|---|---|---|
| 003 | OSt | ||
| 005 | 20170327122029.0 | ||
| 008 | 170322s2015 ua frb 000 0 ara d | ||
| 015 | _a2015 / 3067 | ||
| 020 | _a9789770477465 | ||
| 040 |
_aEG-ScBUE _bara _cEG-ScBUE |
||
| 082 | 0 | 4 |
_a346.0926 _bح م د _222 |
| 100 | 1 | _aحمداني، عمر ناطق يحيى. | |
| 245 | 1 | 0 |
_aعمليات المصارف الواردة على الأوراق المالية من الوجهة القانونية / _cعمر ناطق يحيى الحمداني. |
| 260 |
_aالقاهرة : _bدار النهضة العربية، _c2015. |
||
| 300 |
_a126 ص. ؛ _c24 سم. |
||
| 504 | _aيشتمل على إرجاعات ببليوجرافية. | ||
| 650 | 0 |
_2BUEsh _a الأوراق المالية _xقوانين وتشريعات. |
|
| 650 | 7 |
_2BUEsh _aالخدمات المصرفية _xقوانين وتشريعات. |
|
| 651 | _2BUEsh | ||
| 653 |
_bLLAAWW _cMarch2017 |
||
| 942 | _2ddc | ||
| 999 |
_c24544 _d24516 |
||